[Event "London Classic Open 2014"]
[Site "London ENG"]
[Date "2014.12.08"]
[Round "1.25"]
[White "Calvert, D Ian"]
[Black "Bai, Jinshi"]
[Result "0-1"]
[BlackTitle "IM"]
[WhiteElo "1982"]
[BlackElo "2444"]
[WhiteFideId "406368"]
[BlackFideId "8602280"]
[EventDate "2014.12.08"]

1. b3 d5 2. Bb2 Bg4 3. h3 Bh5 4. d4 Nf6 5. Nd2 c5 6. dxc5 Nc6 7. Ngf3 e6 8. e3
Bxc5 9. Be2 O-O 10. O-O Rc8 11. a3 a5 12. Ne5 Nxe5 13. Bxe5 Bg6 14. Bd3 Qe7 15.
Bxg6 hxg6 16. Bb2 Rfd8 17. Qe2 d4 18. exd4 Bxd4 19. Bxd4 Rxd4 20. c4 Rcd8 21.
Nf3 Rd3 22. Rfb1 Qd6 23. b4 a4 24. Rc1 Qf4 25. Qc2 Ne4 26. Rd1 Nd2 27. Ne1 R3d4
28. c5 Qe5 29. Nf3 Nxf3+ 30. gxf3 R4d5 31. Qxa4 Qc3 32. Rab1 Rg5+ 33. Kh2 Qxf3
34. Rxd8+ Kh7 0-1

[Event "London Classic Open 2014"]
[Site "London ENG"]
[Date "2014.12.08"]
[Round "1.26"]
[White "Williams, Simon K"]
[Black "Acosta, Mariano USA"]
[Result "1-0"]
[WhiteTitle "GM"]
[WhiteElo "2443"]
[BlackElo "1981"]
[WhiteFideId "404454"]
[BlackFideId "2008629"]
[EventDate "2014.12.08"]

1. d4 Nf6 2. c4 g6 3. Nc3 d5 4. Nf3 Bg7 5. h4 O-O 6. h5 Nxh5 7. cxd5 c5 8. e4
Bg4 9. dxc5 Qa5 10. Be2 Qxc5 11. Rh4 Bxf3 12. Bxf3 Bxc3+ 13. bxc3 Qxc3+ 14. Bd2
Qf6 15. g3 Ng7 16. Kf1 Nd7 17. Kg2 Ne5 18. Be2 Rac8 19. Be3 g5 20. Rh2 Qg6 21.
Qd4 f6 22. Rah1 Rc2 23. Rh6 Qxh6 24. Rxh6 Rxe2 25. Qd1 Rxa2 26. d6 e6 27. Qb1
Re2 28. Rh1 Nc4 29. Bxa7 f5 30. Qd3 Ra2 31. Qxc4 Rxa7 32. d7 Raa8 33. exf5 b5
34. Qc6 exf5 35. Re1 Kh8 36. Re7 f4 37. Qh6 f3+ 38. Kh2 Rg8 39. Qxg5 Raf8 40.
Rxg7 1-0

[Event "London Classic Open 2014"]
[Site "London ENG"]
[Date "2014.12.08"]
[Round "1.27"]
[White "McKerracher, Douglas"]
[Black "McDonald, Neil"]
[Result "0-1"]
[BlackTitle "GM"]
[WhiteElo "1980"]
[BlackElo "2431"]
[WhiteFideId "2401002"]
[BlackFideId "400629"]
[EventDate "2014.12.08"]

1. e4 e6 2. d3 d5 3. Nd2 Nf6 4. g3 b5 5. Bg2 Bb7 6. Qe2 Be7 7. Ngf3 c5 8. O-O
Nc6 9. e5 Nd7 10. Re1 a5 11. Nf1 b4 12. h4 h6 13. h5 a4 14. N1h2 Ba6 15. Bf4 Nb6
16. Ng4 Bb5 17. Qd2 c4 18. b3 axb3 19. axb3 cxb3 20. cxb3 Ra3 21. Qc2 Qa8 22.
Rab1 Kd7 23. Be3 Qa6 24. Rec1 Rc8 25. Bxb6 Bxd3 26. Qd1 Bxb1 27. Be3 Bd3 28. Ne1
Be2 0-1

[Event "London Classic Open 2014"]
[Site "London ENG"]
[Date "2014.12.08"]
[Round "1.28"]
[White "Hagen, Andreas Skytte"]
[Black "Othman, Mustapha"]
[Result "1-0"]
[WhiteTitle "IM"]
[WhiteElo "2430"]
[BlackElo "1973"]
[WhiteFideId "1407341"]
[BlackFideId "8500797"]
[EventDate "2014.12.08"]

1. e4 c5 2. Nf3 d6 3. d4 cxd4 4. Nxd4 Nf6 5. Nc3 a6 6. Be3 e5 7. Nb3 Be6 8. f3
Nbd7 9. Qd2 Qc7 10. g4 b5 11. g5 b4 12. Ne2 Nh5 13. f4 exf4 14. Nxf4 Nxf4 15.
Bxf4 Ne5 16. Nd4 Bg4 17. Be2 Bxe2 18. Qxe2 g6 19. Bxe5 dxe5 20. Nf3 Bc5 21.
O-O-O O-O 22. Rd5 Rfe8 23. Rhd1 Rad8 24. Qxa6 b3 25. axb3 Be3+ 26. Kb1 Ra8 27.
Qd3 Qa7 28. c4 Bf4 29. c5 Reb8 30. Qc4 Qa2+ 31. Kc2 Ra5 32. Rd8+ Rxd8 33. Rxd8+
Kg7 34. Rd7 Rxc5 35. Qxc5 Qa1 36. Rd1 Qa6 37. Qc4 Qa7 38. Qe2 Qa2 39. Rd7 Qa1
40. Qd1 Qa6 41. Qd5 Qc8+ 42. Kd3 Qe8 43. Qd6 1-0

[Event "London Classic Open 2014"]
[Site "London ENG"]
[Date "2014.12.08"]
[Round "1.29"]
[White "Yu, Derek"]
[Black "Adair, James R"]
[Result "0-1"]
[BlackTitle "IM"]
[WhiteElo "1973"]
[BlackElo "2428"]
[WhiteFideId "3206203"]
[BlackFideId "406252"]
[EventDate "2014.12.08"]

1. e4 c5 2. Nf3 d6 3. Bb5+ Nd7 4. d4 cxd4 5. Qxd4 a6 6. Bxd7+ Bxd7 7. O-O Rc8 8.
c4 e5 9. Qd3 Qc7 10. b3 b5 11. Nbd2 Nf6 12. Bb2 Be7 13. Rac1 Qb6 14. cxb5 axb5
15. Rxc8+ Bxc8 16. a4 bxa4 17. Nc4 Ba6 18. Ra1 Bxc4 19. Qxc4 O-O 20. Rxa4 Ng4
21. Qc2 Rb8 22. b4 Bd8 23. h3 Nxf2 24. Qxf2 Qc6 25. Nxe5 dxe5 26. Bxe5 Bb6 27.
Bxb8 Bxf2+ 28. Kxf2 Qxa4 29. Bd6 Qc6 30. e5 f6 31. Kg1 fxe5 32. Bxe5 Qb6+ 33.
Kh1 Qxb4 34. Bc7 Kf7 35. Kh2 Ke6 36. Bg3 0-1

[Event "London Classic Open 2014"]
[Site "London ENG"]
[Date "2014.12.08"]
[Round "1.30"]
[White "Zumsande, Martin"]
[Black "Praczukowski, Stanislaw"]
[Result "1-0"]
[WhiteTitle "IM"]
[WhiteElo "2428"]
[BlackElo "1962"]
[WhiteFideId "4651324"]
[BlackFideId "1182730"]
[EventDate "2014.12.08"]

1. e4 e6 2. d4 d5 3. Nc3 Bb4 4. e5 c5 5. a3 Bxc3+ 6. bxc3 Ne7 7. h4 Qc7 8. Nf3
Bd7 9. Bd3 Ba4 10. O-O Nd7 11. Re1 Nb6 12. Be3 Nc4 13. Qc1 O-O-O 14. dxc5 Nxe5
15. Nxe5 Qxe5 16. Bd4 Qh5 17. Qf4 h6 18. Bxg7 Rhg8 19. Re5 f5 20. Bf6 Ng6 21.
Qxa4 Nxe5 22. Bxe5 Qf3 23. Bg3 1-0

[Event "London Classic Open 2014"]
[Site "London ENG"]
[Date "2014.12.08"]
[Round "1.31"]
[White "Lobersli, Henrik Oie"]
[Black "Roberson, Peter T"]
[Result "0-1"]
[BlackTitle "IM"]
[WhiteElo "1961"]
[BlackElo "2412"]
[WhiteFideId "1511947"]
[BlackFideId "412384"]
[EventDate "2014.12.08"]

1. d4 e6 2. c4 Nf6 3. Nc3 Bb4 4. e3 O-O 5. Ne2 c6 6. a3 Ba5 7. b4 Bc7 8. Ng3 d5
9. cxd5 exd5 10. Bd3 Nbd7 11. O-O Re8 12. Qc2 Nf8 13. Bd2 Ne6 14. Rfc1 h5 15. b5
c5 16. dxc5 Nxc5 17. Bf1 b6 18. Na4 h4 19. Ne2 Nfe4 20. Nxc5 bxc5 21. Nf4 g5 22.
Nd3 c4 23. Nb4 Qd6 24. f4 gxf4 25. exf4 Qc5+ 0-1

[Event "London Classic Open 2014"]
[Site "London ENG"]
[Date "2014.12.08"]
[Round "1.32"]
[White "Guramishvili, Sopiko"]
[Black "Cannon, Raymond C"]
[Result "1-0"]
[WhiteTitle "IM"]
[WhiteElo "2388"]
[BlackElo "1956"]
[WhiteFideId "13602888"]
[BlackFideId "408018"]
[EventDate "2014.12.08"]

1. d4 Nf6 2. c4 c5 3. d5 e6 4. Nc3 exd5 5. cxd5 d6 6. g3 g6 7. Nf3 Bg7 8. Bg2
O-O 9. O-O a6 10. a4 Nbd7 11. Bf4 Qe7 12. Rb1 Ng4 13. Bg5 Bf6 14. Bxf6 Ngxf6 15.
b4 Ne4 16. Nxe4 Qxe4 17. bxc5 Nxc5 18. Nd4 Qe5 19. a5 Bd7 20. Rb4 Rfe8 21. Qd2
Kg7 22. Re1 Rac8 23. e4 Rc7 24. f4 Qf6 25. Rb6 Bb5 26. e5 Qe7 27. Rxd6 Rd7 28.
Nxb5 axb5 29. Qd4 Kg8 30. Rxd7 Nxd7 31. d6 Qd8 32. Qb4 Qc8 33. Qxb5 Qc5+ 34.
Qxc5 Nxc5 35. Rc1 Nb3 36. d7 1-0

[Event "London Classic Open 2014"]
[Site "London ENG"]
[Date "2014.12.08"]
[Round "1.34"]
[White "Milliet, Sophie"]
[Black "Shepley, Julien M"]
[Result "1-0"]
[WhiteTitle "IM"]
[WhiteElo "2387"]
[BlackElo "1942"]
[WhiteFideId "623725"]
[BlackFideId "403210"]
[EventDate "2014.12.08"]

1. e4 d6 2. d4 Nf6 3. Nc3 e5 4. Nf3 Nbd7 5. Bc4 Be7 6. O-O c6 7. a4 Qc7 8. a5 h6
9. Re1 g5 10. d5 cxd5 11. Bxd5 Nxd5 12. Nxd5 Qd8 13. Nd2 Nf6 14. Nxf6+ Bxf6 15.
Nc4 Be7 16. b3 Be6 17. Ne3 Qd7 18. Ba3 h5 19. Nd5 Bxd5 20. Qxd5 Qc6 21. Red1 Rh6
22. c4 Rc8 23. Qd3 a6 24. Qe3 Rg6 25. Rd5 g4 26. Rad1 Rd8 27. R1d3 h4 28. Qd2 h3
29. c5 Rd7 30. cxd6 Bd8 31. Rxe5+ Kf8 32. Qc3 Bf6 33. Qxc6 bxc6 34. Rc5 1-0

[Event "London Classic Open 2014"]
[Site "London ENG"]
[Date "2014.12.08"]
[Round "1.35"]
[White "Wood, Peter R"]
[Black "Kiik, Kalle"]
[Result "0-1"]
[BlackTitle "IM"]
[WhiteElo "1941"]
[BlackElo "2372"]
[WhiteFideId "422215"]
[BlackFideId "4500075"]
[EventDate "2014.12.08"]

1. e4 d6 2. Nc3 Nf6 3. d3 Nc6 4. g3 d5 5. exd5 Nxd5 6. Bg2 Nxc3 7. bxc3 g6 8.
Ne2 Bg7 9. O-O O-O 10. Rb1 Qd7 11. Be3 b6 12. Qd2 Bb7 13. Bh6 Rab8 14. Bxg7 Kxg7
15. Rfe1 Ne5 16. Qf4 Bxg2 17. Qxe5+ f6 18. Qe3 Bb7 19. f3 Rbe8 20. Rf1 e5 21. c4
a6 22. Nc3 f5 23. f4 Qd4 24. Qxd4 exd4 25. Nd5 Bxd5 26. cxd5 Rd8 27. Rfe1 Rxd5
28. Re6 Rc5 29. Re2 Rf7 30. Kf2 Rd7 31. Kf3 Ra5 32. Rb2 Kf7 33. Re5 Rxe5 34.
fxe5 Ke6 35. Kf4 h6 36. h4 Rg7 37. g4 g5+ 38. hxg5 hxg5+ 39. Kf3 Kxe5 40. gxf5
Kxf5 41. Rb4 g4+ 42. Kg3 Ke5 43. a4 Kd5 44. Rb3 Rg6 45. Rb1 Rc6 46. Rb2 Rg6 47.
Rb1 Kc5 48. Rb2 c6 49. Rb1 b5 50. a5 Kd5 51. Rh1 Kc5 52. Rb1 b4 53. Rf1 Kb5 54.
Rf5+ c5 55. Re5 Rc6 56. Kxg4 Kxa5 57. Re1 Rf6 58. Kg3 Kb5 59. Kg2 a5 60. Kg1 a4
61. Re8 a3 0-1

[Event "London Classic Open 2014"]
[Site "London ENG"]
[Date "2014.12.08"]
[Round "1.36"]
[White "Sowray, Peter J"]
[Black "Kalavannan, Koby"]
[Result "1-0"]
[WhiteTitle "FM"]
[WhiteElo "2365"]
[BlackElo "1935"]
[WhiteFideId "400971"]
[BlackFideId "425753"]
[EventDate "2014.12.08"]

1. d4 Nf6 2. c4 g6 3. Nc3 Bg7 4. e4 d6 5. Nge2 O-O 6. f3 e5 7. Be3 Nc6 8. d5 Ne7
9. g4 Ne8 10. Ng3 f5 11. gxf5 gxf5 12. exf5 Nxf5 13. Nxf5 Bxf5 14. Qd2 Nf6 15.
O-O-O Qd7 16. Rg1 Kh8 17. Bd3 Bxd3 18. Qxd3 Nh5 19. Ne4 Nf4 20. Bxf4 Rxf4 21.
Kb1 Bh6 22. c5 Raf8 23. Rg3 Rh4 24. Rdg1 Qf5 25. cxd6 cxd6 26. Qc2 Bf4 27. R3g2
Be3 28. Qc7 Bh6 29. Qxd6 Rxe4 30. fxe4 Qxe4+ 31. Ka1 Qf4 32. a3 e4 33. Qe6 Qb8
34. Qxh6 1-0

[Event "London Classic Open 2014"]
[Site "London ENG"]
[Date "2014.12.08"]
[Round "1.37"]
[White "Cohen, Ronnie"]
[Black "Cox, John J"]
[Result "0-1"]
[BlackTitle "IM"]
[WhiteElo "1929"]
[BlackElo "2361"]
[WhiteFideId "412082"]
[BlackFideId "401064"]
[EventDate "2014.12.08"]

1. e4 e5 2. Nf3 Nc6 3. Bb5 a6 4. Bxc6 dxc6 5. Nxe5 Qd4 6. Nf3 Qxe4+ 7. Qe2 Qxe2+
8. Kxe2 Bf5 9. d3 O-O-O 10. Re1 Nf6 11. Nc3 Nd5 12. Bd2 Nb4 13. Kd1 Bg4 14. a3
Bxf3+ 15. gxf3 Nd5 16. Ne4 h6 17. Rg1 f5 18. Ng3 g6 19. Ne2 Rg8 20. Nf4 Nxf4 21.
Bxf4 Rd4 22. Be3 Rh4 23. Rg2 Bd6 24. Kd2 f4 25. Bd4 Rh3 26. Rag1 g5 27. Re1 Kd7
28. Re4 Rxf3 29. Ke2 Rh3 30. f3 g4 31. Rxg4 Rxg4 32. fxg4 Rxh2+ 33. Bf2 Rh3 34.
d4 b5 35. c3 a5 36. Kd2 Rh1 37. Re1 Rxe1 38. Bxe1 Ke6 39. Kd3 Kd5 40. b3 a4 41.
c4+ bxc4+ 42. bxc4+ Ke6 43. c5 Be7 44. Ke4 Bg5 45. Ba5 f3 46. Kxf3 Kd5 47. Bxc7
Kxd4 48. Bd6 Kc4 49. Ke4 Kb3 50. Kd3 Kxa3 51. Kc2 Bf6 52. Bf4 Kb4 53. Bd2+ Kc4
54. Bc1 Bg5 55. Ba3 Be3 56. Bb2 Bxc5 57. Bf6 a3 58. g5 hxg5 59. Bxg5 Bd4 60. Bc1
a2 61. Bb2 a1=N+ 62. Kb1 Bxb2 0-1

[Event "London Classic Open 2014"]
[Site "London ENG"]
[Date "2014.12.08"]
[Round "1.38"]
[White "Gourlay, Iain"]
[Black "Moradi, Kimia"]
[Result "1-0"]
[WhiteTitle "FM"]
[WhiteElo "2360"]
[BlackElo "1920"]
[WhiteFideId "2401533"]
[BlackFideId "12500100"]
[EventDate "2014.12.08"]

1. Nf3 d5 2. g3 Nf6 3. Bg2 c6 4. c4 Bf5 5. cxd5 cxd5 6. Qb3 Qc7 7. Nc3 e6 8. d3
Nc6 9. Bf4 Qd7 10. O-O Be7 11. e4 dxe4 12. dxe4 Nxe4 13. Ne5 Nxe5 14. Nxe4 Nd3
15. Rfd1 Rd8 16. Rd2 Bb4 17. Rxd3 Qxd3 18. Qxb4 Bxe4 19. Bxe4 Rd4 20. Bxd3 Rxb4
21. Rc1 Kd8 22. Be5 Kd7 23. Rc7+ 1-0

[Event "London Classic Open 2014"]
[Site "London ENG"]
[Date "2014.12.08"]
[Round "1.39"]
[White "Woong, Zhi Wei William"]
[Black "Jackson, James P"]
[Result "1/2-1/2"]
[BlackTitle "FM"]
[WhiteElo "1912"]
[BlackElo "2356"]
[WhiteFideId "5804906"]
[BlackFideId "416860"]
[EventDate "2014.12.08"]

1. e4 g6 2. d4 Bg7 3. Nf3 d6 4. Bc4 Nf6 5. Nc3 O-O 6. O-O Nxe4 7. Bxf7+ Rxf7 8.
Nxe4 h6 9. h3 Nd7 10. Qd3 Nf8 11. Ng3 e6 12. Bd2 Bd7 13. c4 Be8 14. Nh2 Rd7 15.
d5 exd5 16. cxd5 g5 17. Bc3 Bg6 18. Qd2 Bxc3 19. bxc3 Rf7 20. Ng4 Kh7 21. f4
gxf4 22. Rxf4 Rxf4 23. Qxf4 Qg5 24. Qxg5 hxg5 25. Re1 Kh8 26. Re7 Rc8 27. Nf6
Nh7 28. Nxh7 Bxh7 29. Nh5 Bg6 30. Ng7 Be4 31. Rxe4 Kxg7 32. Kf2 Kf7 33. Rb4 b6
34. Rc4 Kf6 35. Kf3 Ke5 36. Rg4 Rf8+ 37. Ke3 Rf5 38. Rc4 Rf7 39. Rg4 Rf5 40. Rc4
Kxd5 41. Rxc7 a6 42. c4+ Ke6 43. Rc6 b5 44. cxb5 axb5 45. Rb6 Rc5 46. Kd4 Rf5
47. a3 Kd7 48. Ke4 Re5+ 49. Kd4 Kc7 50. Ra6 Re2 51. g4 Ra2 52. Kc3 Rh2 53. Ra7+
Kb6 54. Rg7 Rxh3+ 55. Kb4 Rf3 56. Rxg5 Rf4+ 57. Kb3 Kc6 58. Rg8 Kc5 59. Rc8+ Kd5
60. g5 Rg4 61. Rb8 Kc5 62. Rc8+ Kd4 63. Rd8 Kc5 64. Rc8+ 1/2-1/2

[Event "London Classic Open 2014"]
[Site "London ENG"]
[Date "2014.12.08"]
[Round "1.40"]
[White "Salomon, Johan"]
[Black "Nettleton, Charlie B"]
[Result "1-0"]
[WhiteTitle "FM"]
[WhiteElo "2343"]
[BlackElo "1910"]
[WhiteFideId "1509500"]
[BlackFideId "419710"]
[EventDate "2014.12.08"]

1. e4 c6 2. Nc3 d5 3. Nf3 Bg4 4. h3 Bh5 5. exd5 cxd5 6. Bb5+ Nc6 7. g4 Bg6 8.
Ne5 Qc7 9. d4 e6 10. Qe2 Ne7 11. h4 O-O-O 12. Bxc6 Nxc6 13. Nxc6 Qxc6 14. h5 Bb4
15. Bd2 e5 16. hxg6 exd4 17. Nb5 Qxc2 18. Bxb4 Rde8 19. Be7 Qxe2+ 20. Kxe2 Rxe7+
21. Kd3 fxg6 22. Rac1+ Kb8 23. Nxd4 h5 24. Rcg1 Rf7 25. f3 h4 26. g5 h3 27. Rg3 1-0

[Event "London Classic Open 2014"]
[Site "London ENG"]
[Date "2014.12.08"]
[Round "1.41"]
[White "Basson, Heinrich"]
[Black "Amato, Andrea"]
[Result "0-1"]
[BlackTitle "FM"]
[WhiteElo "1899"]
[BlackElo "2338"]
[WhiteFideId "14301440"]
[BlackFideId "813222"]
[EventDate "2014.12.08"]

1. d4 d6 2. c4 e5 3. e4 exd4 4. Qxd4 Nc6 5. Qe3 g6 6. Nf3 Bg7 7. Be2 Nf6 8. Nbd2
O-O 9. O-O Re8 10. a3 a5 11. Rb1 a4 12. Rd1 d5 13. cxd5 Nxd5 14. Qc5 Nf4 15. Bb5
Bg4 16. Re1 Nd4 17. Bf1 Bxf3 18. Nxf3 Nh3+ 0-1

[Event "London Classic Open 2014"]
[Site "London ENG"]
[Date "2014.12.08"]
[Round "1.42"]
[White "Buckley, Graeme N"]
[Black "White, David J"]
[Result "1-0"]
[WhiteTitle "IM"]
[WhiteElo "2327"]
[BlackElo "1891"]
[WhiteFideId "402265"]
[BlackFideId "402931"]
[EventDate "2014.12.08"]

1. e4 c5 2. Nf3 d6 3. Bb5+ Bd7 4. Bxd7+ Qxd7 5. c4 Nc6 6. Nc3 Nf6 7. d4 cxd4 8.
Nxd4 g6 9. f3 Bg7 10. Be3 O-O 11. O-O Rfc8 12. b3 e6 13. Qd2 d5 14. Nxc6 bxc6
15. e5 Ne8 16. f4 Rd8 17. Rad1 Bf8 18. Qf2 Qb7 19. Rc1 Qb4 20. Na4 Qa5 21. g4
Ng7 22. Rc2 Rd7 23. Bc5 Rad8 24. Bxf8 Rxf8 25. cxd5 Rxd5 26. Nc3 Rd3 27. Ne4 Qb6
28. Qxb6 axb6 29. Rxc6 Rb8 30. Rfc1 Rdd8 31. Nf6+ Kh8 32. Rc7 Ne8 33. Rxf7 Nxf6
34. exf6 Ra8 35. a4 Rac8 36. Rxc8 Rxc8 37. Re7 Kg8 38. Rxe6 Rc1+ 39. Kf2 Rc2+
40. Kf3 Rc3+ 41. Re3 Rc2 42. h3 h5 43. g5 Rh2 44. Ke4 Kf7 45. Kd5 1-0

[Event "London Classic Open 2014"]
[Site "London ENG"]
[Date "2014.12.08"]
[Round "1.43"]
[White "Akshay V Halagannavar"]
[Black "Schoorl, Rob"]
[Result "0-1"]
[BlackTitle "FM"]
[WhiteElo "1881"]
[BlackElo "2327"]
[WhiteFideId "25020188"]
[BlackFideId "1009508"]
[EventDate "2014.12.08"]

1. Nf3 g6 2. g3 Bg7 3. Bg2 f5 4. O-O Nf6 5. d4 O-O 6. c4 d6 7. Nc3 Qe8 8. Bg5 e5
9. dxe5 dxe5 10. Nd5 Nxd5 11. Qxd5+ Kh8 12. Rad1 Nc6 13. Be3 h6 14. Qd2 g5 15.
Bc5 Rf7 16. e3 Be6 17. b3 b6 18. Ba3 Rd8 19. Qc1 e4 20. Rxd8 Qxd8 21. Rd1 Rd7
22. Rxd7 Qxd7 23. Ne1 Ne5 24. Bf1 c5 25. Be2 a5 26. Bb2 Kh7 27. Qd1 Qxd1 28.
Bxd1 Nf3+ 29. Nxf3 Bxb2 30. Ne1 a4 31. Be2 Kg6 32. Nc2 Kf6 33. b4 cxb4 34. Nxb4
Ke5 35. Nd5 b5 36. Nb6 a3 37. cxb5 Bxa2 38. Nc4+ Kd5 39. Nb6+ Kc5 40. Na4+ Kb4 0-1

[Event "London Classic Open 2014"]
[Site "London ENG"]
[Date "2014.12.08"]
[Round "1.44"]
[White "Holm, Kristian Stuvik"]
[Black "Sakai, Sou"]
[Result "1-0"]
[WhiteTitle "FM"]
[WhiteElo "2326"]
[BlackElo "1881"]
[WhiteFideId "1508083"]
[BlackFideId "7001487"]
[EventDate "2014.12.08"]

1. d4 d6 2. Nf3 Bg4 3. Qd3 c6 4. g3 Nf6 5. Bg2 e6 6. O-O Bf5 7. Qd1 d5 8. Nh4
Bg6 9. Nxg6 hxg6 10. Nd2 Nbd7 11. c4 Be7 12. e4 dxe4 13. Nxe4 Nxe4 14. Bxe4 Nf6
15. Bg2 Qa5 16. Bd2 Bb4 17. Be3 Qh5 18. h3 Qxd1 19. Rfxd1 O-O 20. a3 Ba5 21. b4
Bb6 22. a4 a6 23. Rab1 Rac8 24. b5 axb5 25. axb5 Ba5 26. Ra1 Bc3 27. Ra3 Bb4 28.
Ra4 Bd6 29. bxc6 bxc6 30. Ra6 Rfd8 31. Rxc6 Rxc6 32. Bxc6 Rc8 33. Bb5 Ne4 34.
Rd3 Bb4 35. Rb3 Bd2 36. Ba6 Ra8 37. Rb6 Ba5 38. Rc6 Rd8 39. c5 Bc3 40. Rc8 Rxc8
41. Bxc8 Kf8 42. Bb7 Nf6 43. Kf1 Ke7 44. Ke2 Kd8 45. Kd3 Be1 46. Kc4 Ne8 47. d5
exd5+ 48. Bxd5 f6 49. Bf7 g5 50. Bxe8 Kxe8 51. Kd5 Kd7 52. c6+ Kc7 53. g4 Bb4
54. Bc5 Bc3 55. Bd6+ Kc8 56. Ke6 Ba5 57. Kf7 1-0

[Event "London Classic Open 2014"]
[Site "London ENG"]
[Date "2014.12.08"]
[Round "1.45"]
[White "Disu, Kayode"]
[Black "Maisuradze, Nino"]
[Result "0-1"]
[BlackTitle "WGM"]
[WhiteElo "1879"]
[BlackElo "2323"]
[WhiteFideId "432849"]
[BlackFideId "13601717"]
[EventDate "2014.12.08"]

1. e4 c5 2. Nc3 Nc6 3. f4 g6 4. Nf3 Bg7 5. Bb5 Nh6 6. O-O O-O 7. d3 d6 8. Bxc6
bxc6 9. Bd2 Qb6 10. Na4 Qa6 11. c4 f5 12. Rc1 fxe4 13. dxe4 Bg4 14. h3 Bd7 15.
b3 Rae8 16. Be3 Qc8 17. Qd2 Nf7 18. Rcd1 Rd8 19. Nc3 e5 20. fxe5 Nxe5 21. Nxe5
Bxe5 22. Bf4 Bd4+ 23. Be3 Be5 24. Bf4 Bd4+ 25. Be3 Rxf1+ 26. Rxf1 Bh8 27. Rf3
Be6 28. Bh6 Bd4+ 29. Kh1 Bf7 30. Ne2 Be5 31. Bf4 Bg7 32. Rd3 d5 33. exd5 cxd5
34. cxd5 Qb7 35. d6 c4 36. bxc4 Bxc4 37. Re3 Qb1+ 38. Kh2 Qf5 39. Ng3 Qf8 40.
Rf3 Qe8 41. Bg5 Rd7 42. Re3 Qb8 43. Be7 Bh6 44. Qd4 Bxa2 45. Ra3 Bf7 46. Qg4
Rxd6 47. Bxd6 Qxd6 48. Qc8+ Bf8 49. Rxa7 h5 50. Qc7 Qxc7 51. Rxc7 Bd6 52. Rc8+
Kg7 53. h4 Be7 54. Nf1 Bxh4 55. Rc7 Bf6 56. g3 h4 57. Rd7 Be5 58. Ra7 Kf6 59.
Ra3 Bc4 60. Ne3 Bxg3+ 61. Kg2 Be6 62. Ra5 Be5 63. Ra4 h3+ 64. Kg1 Bd7 65. Ng4+
Kg5 66. Ra5 Kxg4 67. Rxe5 g5 68. Kh2 Kf4 69. Rd5 Bf5 70. Rd4+ Kf3 71. Rd5 Kf4
72. Rxf5+ Kxf5 73. Kxh3 Kf4 74. Kg2 Kg4 75. Kh2 Kf3 76. Kg1 g4 77. Kf1 g3 0-1

[Event "London Classic Open 2014"]
[Site "London ENG"]
[Date "2014.12.08"]
[Round "1.46"]
[White "Sanders, Isaac B"]
[Black "Strand, Oyvin"]
[Result "1-0"]
[WhiteTitle "FM"]
[WhiteElo "2323"]
[BlackElo "1877"]
[WhiteFideId "417661"]
[BlackFideId "1507230"]
[EventDate "2014.12.08"]

1. d4 d5 2. Nf3 Nf6 3. g3 g6 4. Bg2 Bg7 5. O-O O-O 6. c4 c6 7. b3 Nbd7 8. Bb2
Rb8 9. a4 a6 10. a5 b5 11. axb6 Nxb6 12. Nbd2 Nxc4 13. Nxc4 dxc4 14. Ne5 Bb7 15.
Nxc4 Qc7 16. Na5 Rfd8 17. Qc2 Nd5 18. Rfc1 Rbc8 19. Qc4 Nb6 20. Qc5 Bf8 21. Nxb7
Qxb7 22. Bxc6 Qa7 23. Qa5 e6 24. Be4 Rxc1+ 25. Rxc1 Rb8 26. Ra1 Nd7 27. Bc2 Rc8
28. Bd3 Rb8 29. Bc4 Rb6 30. Ba3 Bxa3 31. Qxa3 Nb8 32. Qc5 Qb7 33. h4 Nd7 34. Qe7
Nb8 35. Qd8+ Kg7 36. h5 Rc6 37. Qh4 f6 38. hxg6 hxg6 39. Qe4 Qd7 40. Bd3 f5 41.
Qe5+ 1-0

[Event "London Classic Open 2014"]
[Site "London ENG"]
[Date "2014.12.08"]
[Round "1.47"]
[White "Shah, Dipak K"]
[Black "Paterek, Michal"]
[Result "0-1"]
[BlackTitle "FM"]
[WhiteElo "1873"]
[BlackElo "2313"]
[WhiteFideId "425842"]
[BlackFideId "1116142"]
[EventDate "2014.12.08"]

1. e4 c6 2. Nf3 d5 3. exd5 cxd5 4. d4 Nc6 5. h3 Bf5 6. Bd3 Bxd3 7. Qxd3 e6 8.
Bf4 Nge7 9. Nc3 Ng6 10. Bg3 Be7 11. O-O a6 12. Ne2 O-O 13. c3 b5 14. Nf4 Qb6 15.
Nxg6 hxg6 16. Ne5 Nxe5 17. Bxe5 b4 18. Rfc1 Bg5 19. Rc2 Rfc8 20. Qg3 Qd8 21. Bf4
Bf6 22. Qd3 Rc4 23. Rac1 bxc3 24. bxc3 Rac8 25. Be3 Qa5 26. f4 Ra4 27. Ra1 Ra3
28. Bd2 Qa4 29. Bc1 Raxc3 30. Rxc3 Rxc3 31. Qf1 Qxd4+ 32. Kh1 Rd3 0-1

[Event "London Classic Open 2014"]
[Site "London ENG"]
[Date "2014.12.08"]
[Round "1.48"]
[White "Buchicchio, Giampaolo"]
[Black "Dydak, Mateusz"]
[Result "1-0"]
[WhiteTitle "FM"]
[WhiteElo "2301"]
[BlackElo "1870"]
[WhiteFideId "811491"]
[BlackFideId "2612305"]
[EventDate "2014.12.08"]

1. e4 e6 2. d4 d5 3. Nc3 dxe4 4. Nxe4 Nd7 5. Nf3 Ngf6 6. Nxf6+ Nxf6 7. Bd3 c5 8.
dxc5 Bxc5 9. O-O O-O 10. Qe2 Bd7 11. Ne5 Qc7 12. Bf4 Qc8 13. a3 a5 14. Rae1 Bc6
15. Kh1 Nd5 16. Bd2 Nf6 17. Bg5 Be7 18. f4 h6 19. Bh4 Bd8 20. c3 Nd7 21. Bf2
Nxe5 22. fxe5 b6 23. Be3 Qb7 24. Qg4 Kh8 25. Re2 Qe7 26. Qh3 Qh4 27. Qxh4 Bxh4
28. Bxb6 Kg8 29. b4 axb4 30. axb4 Rfb8 31. Bd4 Ra3 32. Rb2 Rd8 33. b5 Bb7 34.
Be2 Rda8 35. h3 Ra2 36. Rxa2 Rxa2 37. Bf3 Bxf3 38. Rxf3 Ra1+ 39. Kh2 Rb1 40. c4
Kf8 41. Ra3 f5 42. b6 f4 43. c5 Bg3+ 44. Rxg3 fxg3+ 45. Kxg3 Ke8 46. c6 Kd8 47.
Bc5 g6 48. b7 Rb3+ 49. Kh2 Kc7 50. Bd6+ Kxc6 51. b8=R Rd3 52. Rg8 g5 53. Rg6 Kd5
54. Rxh6 g4 55. hxg4 1-0